| 000 | 00598nam a22001817a 4500 | ||
|---|---|---|---|
| 005 | 20251108174755.0 | ||
| 008 | 250721s2009 xx 000 0 ara d | ||
| 020 | _a9953134227 | ||
| 082 | 1 | 4 | _a616.891/سوي |
| 100 | 1 |
_aسوي، تشوا كوك _eمؤلف |
|
| 245 | 1 | 0 | _aالعلاج النفسي البراني : علاج الطاقة الأفضل للتطبيقات النفسية / |
| 246 | 1 | 1 | _apranic psychtherapy |
| 264 | 1 |
_aبيروت : _bدار الخيال للنشر، _c2009. |
|
| 300 | _a239 ص. | ||
| 650 | 1 | 7 | _aالعلاج النفسي |
| 942 |
_2ddc _cBK |
||
| 999 |
_c117678 _d117678 |
||